The civil court in action / (Record no. 638)

MARC details
000 -LEADER
fixed length control field 00790nam a2200265 i 4500
001 - CONTROL NUMBER
control field 4160120
003 - CONTROL NUMBER IDENTIFIER
control field OSt
005 - DATE AND TIME OF LATEST TRANSACTION
control field 20150707111121.0
008 - FIXED-LENGTH DATA ELEMENTS--GENERAL INFORMATION
fixed length control field 780419s1977 enka b 001 0 eng
010 ## - LIBRARY OF CONGRESS CONTROL NUMBER
LC control number 78302903
015 ## - NATIONAL BIBLIOGRAPHY NUMBER
National bibliography number GB***
020 ## - INTERNATIONAL STANDARD BOOK NUMBER
International Standard Book Number 0406556237
Terms of availability £10.20.
International Standard Book Number 0406556210
040 ## - CATALOGING SOURCE
Original cataloging agency DLC
Transcribing agency DLC
Modifying agency DLC
043 ## - GEOGRAPHIC AREA CODE
Geographic area code e-uk---
050 00 - LIBRARY OF CONGRESS CALL NUMBER
Classification number KD7325
Item number .B37
082 00 - DEWEY DECIMAL CLASSIFICATION NUMBER
Classification number 347.01 BAR
100 1# - MAIN ENTRY--PERSONAL NAME
Personal name Barnard, David Nowell.
9 (RLIN) 1844
245 14 - TITLE STATEMENT
Title The civil court in action /
Statement of responsibility, etc by David Barnard.
260 ## - PUBLICATION, DISTRIBUTION, ETC. (IMPRINT)
Place of publication, distribution, etc London ;
-- Boston :
Name of publisher, distributor, etc Butterworths,
Date of publication, distribution, etc 1985.
300 ## - PHYSICAL DESCRIPTION
Extent xii, 290 p. :
Other physical details ill. ;
Dimensions 26 cm.
504 ## - BIBLIOGRAPHY, ETC. NOTE
Bibliography, etc Includes bibliographical references and indexes.
650 #0 - SUBJECT ADDED ENTRY--TOPICAL TERM
Topical term or geographic name as entry element Civil procedure
Geographic subdivision Great Britain.
9 (RLIN) 1846
906 ## - LOCAL DATA ELEMENT F, LDF (RLIN)
a 7
b cbc
c orignew
d 3
e ncip
f 19
g y-gencatlg
942 ## - ADDED ENTRY ELEMENTS (KOHA)
Source of classification or shelving scheme Dewey Decimal Classification
Koha item type Books
Holdings
Withdrawn status Lost status Source of classification or shelving scheme Damaged status Not for loan Home library Current library Shelving location Date acquired Total Checkouts Full call number Barcode Date last seen Price effective from Koha item type
    Dewey Decimal Classification     Law Development Centre Main Library Law Development Centre Main Library Text Books and Laws 04/26/2011   347.01 BAR 2011/2794 04/26/2011 04/26/2011 Books